| 000 | 01216nam a2200229Ia 4500 | ||
|---|---|---|---|
| 003 | Ost | ||
| 005 | 20260507074906.0 | ||
| 008 | 260507s9999||||xx |||||||||||||| ||und|| | ||
| 040 | _cfsecg | ||
| 041 | _aara | ||
| 082 | _a338.7 | ||
| 100 |
_aالملاح، جلال _eمؤلف |
||
| 245 | 0 |
_aتخطيط وتقييم المشروعات الزراعية : _bنماذج وأمثلة من الزراعة السعودية / _c جلال الملاح |
|
| 260 |
_aالرياض: _bدار المريخ للنشر, _c[دون تاريخ] |
||
| 300 |
_a246 صفحة؛ _bإيضاحات ؛ _c24 سم |
||
| 504 | _aببليوغرافيا: ص.245 | ||
| 520 | _aالمشروع الزراعي، دراسة السوق والتنبؤ بالطلب، الدراسة الفنية للمشروعات الزراعية، الدراسة الإقتصادية للمشروع، مفهوم القيمة الحالية للنقود، طرق ومعايير تقييم المشروعات، التقييم الإقتصادي للمشروعات، تخطيط ومتابعة المشروعات الزراعية | ||
| 653 | _aالتخطيط الزراعي | ||
| 653 | _aالمشاريع | ||
| 653 | _aتقييم الأداء | ||
| 942 | _cكتاب | ||
| 999 |
_c41699 _d41699 |
||